Name-to-Face ILLIT - Statistics

General Stats
  • This quiz has been taken 87 times
    67 since last reset
  • The average score is 27 of 30
Answer Stats
Question Tile Select % Correct
Yunah No
98%
Yunah No
98%
Yunah No
98%
Yunah No
98%
Yunah No
96%
Minju No
95%
Minju No
95%
Moka No
95%
Wonhee No
95%
Wonhee No
95%
Wonhee No
95%
Wonhee Yes
95%
Wonhee No
95%
Wonhee No
95%
Yunah Yes
93%
Minju No
93%
Moka No
93%
Moka No
93%
Iroha No
93%
Iroha No
93%
Minju No
89%
Moka No
89%
Iroha No
89%
Iroha No
89%
Iroha No
87%
Minju No
85%
Moka No
80%
Iroha Yes
80%
Moka Yes
75%
Minju Yes
69%
No matching quizzes found
Score Distribution
Percent of People with Each Score
Percentile by Number Answered
Your Score History
You have not taken this quiz since the last reset